| 000 | 01209nam a2200373 c 4500 | ||
|---|---|---|---|
| 001 | 11926 | ||
| 003 | ES-MaCES | ||
| 005 | 20141221122147.0 | ||
| 008 | 010417s1999 sp t o000 | spa d | ||
| 017 |
_aB 22020-1999 _bDL |
||
| 020 | _a8489905029 | ||
| 035 | _aCES20010004420m | ||
| 040 |
_aES-MaCES _bspa _cES-MaCES |
||
| 041 | 1 |
_aspa _acat |
|
| 110 | 2 |
_aTribunal Laboral de Catalunya _95061 |
|
| 245 | 1 | 0 |
_aLaudos del Tribunal Laboral de Catalunya (1998) _b= Laudes del Tribunal Laboral de Catalunya (1998) |
| 250 | _a1ª ed | ||
| 260 |
_aBarcelona _bTLC _c1999 |
||
| 300 |
_a68, 87 p. dup. _c24 cm |
||
| 500 | _aTexto en castellano y catalán | ||
| 541 | _cGratuito | ||
| 650 | 4 |
_aconflicto de trabajo _928367 |
|
| 650 | 4 |
_aarreglo de conflicto _927305 |
|
| 650 | 4 |
_aarbitraje _927302 |
|
| 650 | 4 |
_alaudo arbitral _929860 |
|
| 650 | 4 |
_aCataluña _930774 |
|
| 650 | 4 |
_a1998 _931169 |
|
| 653 | 1 | 0 | _aRelaciones laborales-Empleo |
| 787 | 0 |
_tLaudos del Tribunal Laboral de Catalunya (1999) _w(ES-MaCES)11927 |
|
| 787 | 0 |
_tLaudos del Tribunal Laboral de Catalunya (1997) _w(ES-MaCES)6958 |
|
| 902 | _aLIB Libro | ||
| 942 |
_2CES _cBK _h2.0. |
||
| 999 |
_c11926 _d11926 |
||